Lady Gaga - Chansons commençant par I - Statistiques

Statistiques générales
  • Ce quiz a été pris 7 fois
  • Le résultat moyen est 4 sur 13
Statistiques - réponses
I % Correct
I'll Never Love Again
100%
I Don't Know What Love Is
60%
I Like It Rough
40%
Is That Alright?
40%
It Don't Mean a Thing (If It Ain't Got That Swing) avec Tony Bennett
40%
I've Got You Under My Skin avec Tony Bennett
20%
I Can't Give You Anything But Love avec Tony Bennett
20%
I Concentrate on You avec Tony Bennett
20%
If My Friends Could See Me Now
20%
I Get a Kick Out of You avec Tony Bennett
20%
It's De-Lovely avec Tony Bennett
20%
I've Got the World On A String
20%
I Won't Dance avec Tony Bennett
20%
Aucun quiz correspondant
Distribution des résultats
% des personnes avec chaque résultat
Percentile par nombre de réponses
Votre historique - résultats
Vous n’avez pas pris ce quiz